Have you seen my duckling? / (Record no. 113455)
[ view plain ]
| 000 -LEADER | |
|---|---|
| fixed length control field | 00473nam a2200181 a 4500 |
| 001 - CONTROL NUMBER | |
| control field | 1850 |
| 005 - DATE AND TIME OF LATEST TRANSACTION | |
| control field | 20140414132020.0 |
| 008 - FIXED-LENGTH DATA ELEMENTS--GENERAL INFORMATION | |
| fixed length control field | 010424s19uu xx 00 eng d |
| 020 ## - INTERNATIONAL STANDARD BOOK NUMBER | |
| International Standard Book Number | 0-590-44385-2 |
| 050 ## - LIBRARY OF CONGRESS CALL NUMBER | |
| Classification number | TR |
| Item number | H29 1984 |
| 100 ## - MAIN ENTRY--PERSONAL NAME | |
| Personal name | Tafuri, Nancy |
| 245 ## - TITLE STATEMENT | |
| Title | Have you seen my duckling? / |
| Statement of responsibility, etc | Nancy Tafuri. |
| 260 ## - PUBLICATION, DISTRIBUTION, ETC. (IMPRINT) | |
| Place of publication, distribution, etc | New York : |
| Name of publisher, distributor, etc | Scholastic, |
| Date of publication, distribution, etc | 1984. |
| 300 ## - PHYSICAL DESCRIPTION | |
| Extent | 1 v. p. ; cm. |
| 650 ## - SUBJECT ADDED ENTRY--TOPICAL TERM | |
| Topical term or geographic name as entry element | Ducks - Stories. |
| 650 ## - SUBJECT ADDED ENTRY--TOPICAL TERM | |
| Topical term or geographic name as entry element | Children's stories. |
| Withdrawn status | Lost status | Damaged status | Use restrictions | Home library | Current library | Shelving location | Date acquired | Source of acquisition | Total Checkouts | Full call number | Barcode | Date last seen | Price effective from | Koha item type |
|---|---|---|---|---|---|---|---|---|---|---|---|---|---|---|
| Munich Library | Munich Library | Teachers Reference Section | 12/23/2004 | TR H29 1984 | M5024 | 04/14/2014 | 04/14/2014 | Books |